000 02618nam0a2200397 4500
001 RU\NLR\BIBL_A\011951696
005 20190403160101.0
010 _a978-5-6042017-4-9
_9500
021 _aRU
_bКН-П-19-005911
_9КН-П-19-0434
035 _a(NLR Aleph) 011951696
035 _a(RuMoRGB)009879228
090 _a11152221
_c11152221
100 _a20190304d2019 k y0rusy50 ca
101 0 _arus
102 _aRU
105 _aa|||zzzz0||zy
200 1 _aБюджетно-налоговые инструменты стимулирования рационального и эффективного недропользования, развития нефтепереработки и нефтегазохимии
_eмонография
_f[В. В. Понкратов, А. К. Караев, А. И. Мастеров и др.]
_gпод редакцией В. В. Понкратова
_gПравительство Российской Федерации, Финансовый университет при Правительстве Российской Федерации, Департамент общественных финансов, Центр финансовой политики
210 _aМосква
_aИжевск
_cШелест
_d2019
215 _a234, [1] с.
_cил., табл.
_d20
300 _aАвт. указаны на обороте тит. л.
300 _aНа обл.: Финансовый университет при Правительстве Российской Федерации: 100 лет.
320 _aБиблиогр.: с.215-235 (384 назв.) и в подстроч. примеч.
606 1 _aБюджетное регулирование
_92405505
_3RU\NLR\AUTH\6601653054
606 1 _aНефтегазовые комплексы
_xГосударственное регулирование
_yРоссийская Федерация
_92623427
_3RU\NLR\AUTH\661559987
686 1 _aУ26(0)132.22
686 1 _aУ30(2)565.2-434-21(2Р)
701 1 _aПонкратов
_bВ. В.
_gВадим Витальевич
701 1 _aКараев
_bА. К.
701 1 _aМастеров
_bА. И
712 0 2 _4570
_aФинансовый университет при Правительстве Российской Федерации
_bДепартамент общественных финансов
_bЦентр финансовой политики
_cМосква
_9653561
_3RU\NLR\AUTH\880496844
942 _cBOOK
980 _aNBR
980 _aNB